000 nam a22 7a 4500
999 _c47863
_d47863
003 OSt
005 20190524103100.0
008 190524b xxu||||| |||| 00| 0 eng d
040 _cIIMT UNIVERSITY
100 _a ARULMOZHI- G.
245 _a STATISTICS FOR MANAGEMENT
260 _aNEW DELHI
_bTMH PUB
_c2009
300 _a482
942 _2ddc
_c01